100 dessus dessous - Statistiques

Statistiques générales
  • Ce quiz a été pris 100 fois
    94 depuis la dernière actualisation
  • Le résultat moyen est 36 sur 86
Réponses sur la Carte
Les réponses sont colorées sur une échelle allant du rouge au vert en fonction du pourcentage des utilisateurs qui les ont devinées à leur premier essai. Vous pouvez retrouver ces pourcentages ci-dessous.
 
Statistiques - réponses
Type de quiz Question Indice Réponse % Correct
Carte - Monde Langue officielle des pays de couleur cyan Anglais
88%
Clic Un seul des mots suivants est valide au Scrabble : Hypoxie
85%
Clic Nombre de bandes blanches et rouges sur le drapeau des États-Unis 5 / 7 / 11 / 13 / 17 / 19 13
84%
Clic Nombre de syllabes dans un haïku 17
84%
Clic Film qui se déroule durant la 2nde Guerre Mondiale Dunkerque Dunkerque
84%
QCM "La Géorgie a été fondée en 1733" : à laquelle des deux s'applique cette proposition ? L'état des USA/ Le pays du Caucase État
84%
QCM "N'a jamais remporté l'Eurovision" : à qui/quoi s'applique cette proposition ? France / Pays de Galles / France Gall Pays de Galles
84%
Carte - Monde Pays dont le nom est "Suomi" dans la langue locale Finlande
80%
Carte - France 2A Corse-du-Sud
79%
Carte - France Ville la plus peuplée du bassin de la Gironde Bordeaux
77%
Carte - France 2B Haute-Corse
76%
Carte - France Ville la plus peuplée du bassin du Rhône Lyon
76%
Carte - France Ville la plus peuplée du bassin de la Seine Paris
76%
Carte - France Ville la plus peuplée du bassin de la Loire Nantes
73%
Carte - France Ville désignée par ses clubs de sports Montpellier
70%
Images Qui est cette personne ? Vladimir Poutine
67%
Carte - France Citez une commune de chacun des départements jaunes 06 Alpes-Maritimes
65%
Tableaux des médailles Natation États-Unis
62%
Carte - France Région viticole Champagne
60%
Tableaux des médailles Quel pays a obtenu le plus de médailles olympiques dans ces catégories ? (voir ce document pour des précisions) Athlétisme États-Unis
60%
Carte - France 44 Loire-Atlantique
60%
Tableaux des médailles Cyclisme France
59%
Carte - Monde Ville la plus peuplée du bassin du Saint-Laurent Chicago
55%
Simple Que signifie le mot anglais cave ? Grotte
51%
Carte - Monde Pays d'Europe à l'envers Irlande
51%
Carte - France 83 Var
51%
Simple Ingénieur et industriel français, pionnier de l'automobile mondiale. Sa marque est célèbre pour des innovations technologiques telles que la traction. Donne son nom à un arrêt de métro sur la ligne André Citroën
50%
Tableaux des médailles Sports collectifs États-Unis
50%
Tableaux des médailles Sports d'adresse États-Unis
50%
Simple Année d'inauguration de la Tour Eiffel 1889
49%
Communes les plus peuplées Nommez une des communes classées de 2 à 5ème en terme de population dans les départements suivants : Alpes-Maritimes Antibes / Cannes / Cagnes-sur-Mer / Grasse
49%
Tableaux des médailles Sports de combat États-Unis
49%
Images De quel film est issue cette image ? Le Voyage de Chihiro
49%
Carte - France 22 Côtes-d'Armor
48%
Carte - France 31 Haute-Garonne
48%
Carte - Monde Pays déformé selon sa population Australie
46%
Images De quel film est issue cette image ? Spiderman 2
46%
Carte - Monde Pays du monde à l'envers Madagascar
45%
Images Quelle lettre cette forme du Pokémon Zarbi représente-t-elle ? G
44%
Carte - France 53 Mayenne
41%
Simple Quel film de 1980, adapté d'un roman de Stephen King, raconte l'histoire d'un écrivain en manque d'inspiration qui accepte de garder un hôtel du Colorado durant l'hiver Shining
41%
Communes les plus peuplées Ille-et-Vilaine Saint-Malo / Fougères / Bruz / Vitré
40%
Tableaux des médailles Sports de raquette Chine
39%
Simple Audrey Tautou Matthieu Kassovitz Le Fabuleux destin d'Amélie Poulain
39%
Carte - France Citez une station du métro de Lyon Perrache / Ampère Victor Hugo / Bellecour / Cordeliers / Hôtel de Ville / Foch / Masséna / Charpennes / République - Villeurbanne / Gratte-Ciel / Flachet - Alain Gilles / Cusset / Laurent Bonnevay / Vaulx-en-Velin - La Soie / Brotteaux / Gare Part-Dieu - Vivier Merle / Place Guichard - Bourse du Travail / Saxe Gambetta / Jean Macé / Place Jean Jaurès / Debourg / Stade de Gerland - Le LOU / Gare d'Oullins / Croix-Paquet / Croix-Rousse / Henon / Cuire / Gare de Vaise / Valmy / Gorge de Loup / Vieux Lyon / Guillotière - Gabriel Péri / Garibaldi / Sans Souci / Monplaisir Lumière / Grange Blanche / Laënnec / Mermoz - Pinel / Parilly / Gare de Vénissieux / Minimes - Théâtres Romains / Saint-Just / Fourvière
38%
Communes les plus peuplées Seine-Maritime Rouen / Sotteville-lès-Rouen / Saint-Etienne-du-Rouvray / Dieppe
38%
Communes les plus peuplées Exemple : pour le Rhône, les réponses seraient Villeurbanne, Vénissieux, Vaulx-en-Velin et Saint-Priest La Réunion Saint-Paul / Saint-Pierre / Le Tampon / Saint-André
38%
Communes les plus peuplées Hérault Béziers / Sète / Agde / Lunel
37%
Simple Tom Hardy Christian Bale Saga The Dark Knight
35%
Carte - France 39 Jura
34%
Communes les plus peuplées Haute-Savoie Annemasse / Thonon-les-Bains / Sallanches / Cluses
33%
Images Quelle est cette préfécture ? Versailles
33%
Carte - France Rivière qui arrose les départements bleus Allier
30%
Carte - France Source d'eau minérale Vittel
30%
Simple Ville de l'Yonne, dont la cathédrale a inspiré celle de Paris Nombre de quiz que j'ai publiés (celui-ci inclus) Sens
29%
Images Quelle chanson se cache derrière ces émojis ? Papaoutai
28%
Communes les plus peuplées Saône-et-Loire Mâcon / Le Creusot / Montceau-les-Mines / Autun
27%
Carte - Monde Point de départ du tour du monde de Solar Impulse Abu Dhabi
26%
Tableaux des médailles Gymnastique URSS
26%
Simple Numéro atomique de l'or 79
24%
Communes les plus peuplées Oise Compiègne / Creil / Nogent-sur-Oise / Senlis
24%
Simple Un des trois états se partageant le point ayant l'altitude la plus faible sur Terre Israël / Jordanie / Palestine
24%
Communes les plus peuplées Charente-Maritime Saintes / Rochefort / Royan / Aytré
24%
Communes les plus peuplées Maine-et-Loire Cholet / Saumur / Sèvremoine / Beaupréau-en-Mauges
23%
Communes les plus peuplées Eure-et-Loir Dreux / Lucé / Châteaudun / Vernouillet
23%
Communes les plus peuplées Moselle Thionville / Montigny-lès-Metz / Forbach / Sarreguemines
23%
Carte - France Citez une commune de l'intercommunalité en surbrillance (carte en bas au centre) T12 - Grand Orly Seine Bièvre Ablon-sur-Seine / Arcueil / Athis-Mons / Cachan / Chevilly-Larue / Choisy-le-Roi / Fresnes / Gentilly / Ivry-sur-Seine / Juvisy-sur-Orge / L'Haÿ-les-Roses / Le Kremlin-Bicêtre / Morangis / Orly / Paray-Vieille-Poste / Rungis / Savigny-sur-Orge / Thiais / Valenton / Villejuif / Villeneuve-le-Roi / Villeneuve-Saint-Georges / Viry-Châtillon / Vitry-sur-Seine
22%
Images De quel chanson de youtuber est issue cette image ? Luigi Clash Mario
20%
Carte - Espace Quel est le nom de cette mer lunaire ? Mer de la Tranquillité
20%
Carte - France Ancienne commune absorbée par Paris en 1860 (carte en bas à droite) Montmartre
20%
Images De quel jeu Super Mario est issue cette image ? Super Mario Odyssey
20%
Simple Région inspirée de New York dans laquelle se déroulent les jeux Pokémon Noir & Blanc U{nys}
20%
Images Quel est ce polyèdre ? Dodécaèdre
18%
Carte - Espace Quel est le nom de ce volcan martien ? Olympus Mons / Mont Olympe
18%
Carte - France Ville nouvelle Villeneuve-d'Ascq
18%
Simple Citez le seul Pokémon ayant le type Feu/Acier Heatran
17%
Images De quel jeu Pokémon est issue cette image ? Pokémon Snap
17%
Simple Citez un des Pokémon de l'équipe de Cynthia, maître de la ligue de Sinnoh Spiritomb / Milobellus / Lucario / Tritosor / Togékiss / Roserade / Carchacrok
17%
Simple Pokémon de type Électrik de la 5ème génération, inspiré d'une lamproie O{hmassacre}
16%
Carte - France Comté anglais Kent
13%
Tableaux des médailles Sports nautiques Allemagne
12%
Tableaux des médailles Autres sports URSS
12%
Simple Pokémon de type Combat de la 7ème génération qui s'inspire d'un lémurien et d'un joueur de football américain Q{uartermac}
11%
Simple Citez un des 5 Pokémons les plus utilisés de l'histoire des Championnats du Monde VGC Félinferno / Tokorico / Arcanin / Tokopisco / Démétéros-T
10%
Carte - Monde Région du Portugal Norte
9%
Simple Citez un film abordé dans les séries de vidéos Youtube Crossed et Chroma, présentées par Karim Debbache Super Mario Bros. / Gamer / Silent Hill / King of Kong / House of the Dead / Starfighter / Max Payne / Stay Alive / Future Cops / Alone in the Dark / WarGames / Double Dragon / Doom / Street Fighter / eXistenZ / Postal / Le cobaye / Final Fantasy : Les Créatures de l'esprit / Mortal Kombat : Destruction Finale / Brainscan / Resident Evil / Dead or Alive / Ultimate Game / Hitman / Voltage / The Wizard / Tron / Scott Pilgrim vs the World / Troll 2 / Rollerball / Highlander 2 / Signes / Paranormal Activity / Mac et Moi / Vidocq / Piège à Hong Kong / Douce Nuit, Sanglante Nuit / Gremlins / Les Affranchis / Carnosaure
7%
Aucun quiz correspondant
Distribution des résultats
% des personnes avec chaque résultat
Percentile par nombre de réponses
Votre historique - résultats
Vous n’avez pas pris ce quiz depuis la dernière actualisation